000 00386nam a2200145Ia 4500
008 230917s9999||||xx |||||||||||||| ||und||
040 _e140871
_aMAIN
041 _aEnglish
082 _a954.0258 D241N
100 _aDarbari, Neera
245 0 _aNorthern India under Aurangzeb: social and economic condition
260 _bShalabh Publishing
_c1998
300 _a317 p.
942 _cBK
999 _c100931
_d100931